000 00858nam a2200253Ia 4500
005 20220317000811.0
008 160601s2003 ck g 000 0 spa
020 _a9588109809
082 0 4 _a346.0482
_bV23m
100 1 _aVega Jaramillo, Alfredo
245 1 0 _aManual de derecho de autor
_cAlfreo Vega Jaramillo
250 _a1a. edición
300 _a143 páginas
_c28 cm
504 _aIncluye bibliografía
650 1 4 _2LEMB
_aDerechos de autor
_xAspectos jurídicos
_zColombia
650 1 4 _2LEMB
_aDerechos de autor
_xAspectos morales
_zColombia
650 1 4 _2LEMB
_aPropiedad industrial
942 _2ddc
_cBK
264 _aBogotá
_bInstituto Distrital de Cultura y Turismo
_c2003
336 _atexto
_btxt
_2rdacontent
337 _asin mediación
_bn
_2rdamedia
338 _avolumen
_bnc
_2rdacarrier
040 _aCO-BoRNBP
_bspa
_erda
_cCO-BoRNBP
999 _c5092
_d5092